Svetová banka a jej význam v súčasnom svete diplomová práca

Salvato in:
Dettagli Bibliografici
Autore principale: Lechnerová, Katarína
Ente Autore: Ekonomická univerzita v Bratislave. Fakulta medzinárodných vzťahov
Altri autori: Budjač, Milan
Natura: Libro
Lingua:slovacco
Pubblicazione: Bratislava 2010
Tags: Aggiungi Tag
Nessun Tag, puoi essere il primo ad aggiungerne!!

MARC

LEADER 00000nam a2200000 4500
001 0121469
005 20240318123532.3
041 0 |a slo 
044 |a SK 
245 1 0 |a Svetová banka a jej význam v súčasnom svete  |b diplomová práca  |c Katarína Lechnerová ; škol. Milan Budjač 
264 1 |a Bratislava  |c 2010 
100 1 |a Lechnerová, Katarína 
700 1 |a Budjač, Milan 
710 2 |a Ekonomická univerzita v Bratislave. Fakulta medzinárodných vzťahov